| 000 | 00381 a2200109 4500 | ||
|---|---|---|---|
| 001 | ART_55459 | ||
| 005 | 20260410162009.0 | ||
| 008 | 260409a | ||
| 245 | 1 | 0 | _aReflexiones actuales sobre las garantías unilaterales en el CCyCo. y en el derecho comparado |
| 100 | 1 | _aBoretto, Mauricio | |
| 773 | 0 |
_tTemas de derecho civil _g- Año 8, N° 3 (mar. 2022) _wREV34778 |
|
| 999 |
_c32002 _d32002 |
||